Využitie HPLC metódy v stopovej analýze organických látok : Obh. 7.6.1993 /

Guardado en:
Detalles Bibliográficos
Autor principal: Hromuľáková, Katarína (Autor)
Formato: Manuscrito Libro
Lenguaje:eslovaco
Publicado: Bratislava : STU v Bratislave ChtF, 1993
Etiquetas: Agregar Etiqueta
Sin Etiquetas, Sea el primero en etiquetar este registro!

MARC

LEADER 00000ntm a22000003a 4500
001 stu21404
005 20150617225750.1
008 930719s1993----cs------------------slo-d
040 |a STU  |b slo 
041 0 |a slo 
044 |a cs 
100 1 |a Hromuľáková, Katarína  |4 aut 
245 1 |a Využitie HPLC metódy v stopovej analýze organických látok :  |b Obh. 7.6.1993 /  |c [aut.]Hromuľáková,Katarína 
260 |a Bratislava :  |b STU v Bratislave ChtF,  |c 1993 
300 |a 70 s :  |b Obr.,grafy,lit 
500 |a Špec.: Analytická chémia 
996 |b CD11297  |c C*D11297  |l CCI  |s A  |a 24  |w stu21404_0001